Regionálna história vo výučbe dejepisu zborník vystúpení a referátov účastníkov vedeckej konferencie ... 21. septembra 1995 ... v Banskej Bystrici

Bibliographic Details
Main Authors: Fremal, Karol, 1943-2025 (Adapter), Matejkin, Stanislav, 1943- (Adapter)
Format: Book
Language:Slovak
PhysicalDescription:60 s. Fotogr. 25 cm
Published: Banská Bystrica Univerzita Mateja Bela 1995
ISBN:8088825040
Edition:1. vyd.
Subjects:

MARC

LEADER 00000cam a2200000 a 4500
001 vtls001180794
003 SK-MaSNL
005 20260301112249.0
008 160208s1995 xo a fr 10000 slo
015 |a SNBA1996/0401146 
020 |a 8088825040  |c (150 výt.) 
035 |a SNK000123796 
035 |a urn:nbn:sk:snk-amkev6 
035 |a urn:nbn:sk:snk-am003ck6 
035 |a A5D20250-CD2E-4CD0-AF5E-B0B30086AC1B 
040 |a SNK  |b slo  |c SNK  |e AACR2 
041 0 |a slo 
044 |a xo  |c SK 
080 |a 37:943.76-37(082)  |2 1981 
245 0 0 |a Regionálna história vo výučbe dejepisu  |b zborník vystúpení a referátov účastníkov vedeckej konferencie ... 21. septembra 1995 ... v Banskej Bystrici  |c [editor: Karol Fremal, Stanislav Matejkin] 
250 |a 1. vyd. 
260 |a Banská Bystrica  |b Univerzita Mateja Bela  |c 1995 
300 |a 60 s.  |b Fotogr.  |c 25 cm 
500 |a Čiast. text čes. 
500 |a Údaj o zost. prevzatý z rubu tit. strany 
650 0 7 |a dejepis  |2 SNKPH  |9 4288 
650 0 7 |a regionalistika  |2 SNKPH  |9 4007 
655 7 |a zborníky konferencií  |2 SNKPH  |9 70153 
700 1 |a Fremal, Karol,  |d 1943-2025  |4 adp  |9 92184 
700 1 |a Matejkin, Stanislav,  |d 1943-  |4 adp  |9 183810 
919 |a 80-88825-04-0 
958 |a TL 
958 |a NB 
999 |c 709913  |d 711843 
952 |t P60, <09>, [BOOK], {629}  |a SNK  |b SNK  |y NEVYP  |7 0  |o snkC 428  |i snk887/960304  |0 0  |1 0  |4 0  |d 1996-02-28  |l 0  |r 2005-01-01 00:00:00  |w 2026-02-23 
952 |t P60, <03>, [BOOK], {603}  |a SNK  |b SNK  |y PREZ  |7 0  |p 17A0000720  |o snkSC 90059  |i snkKSP 02528/96  |0 0  |1 0  |4 0  |d 1996-02-28  |f 1  |l 0  |r 2025-09-09 00:00:00  |w 2026-02-23 
952 |t P60, <04>, [BOOK], {604}  |a SNK  |b SNK  |y VYP  |7 0  |p 17A0000721  |o snkSC 90059 D1  |i snkKSP 02529/96  |0 0  |1 0  |4 0  |d 1996-02-28  |l 0  |r 2005-01-01 00:00:00  |w 2026-02-23